Jövőkompetencia a gazdaságelméletben - Demján Sándor munkássága a korszakváltás keretrendszerében Future competence in economic theory – Sándor Demján’s legacy in the framework of the transition
| Szerző: | |
|---|---|
| Dokumentumtípus: | Könyv része |
| Sorozat: | Szemelvények a BGE kutatásaiból 2024
|
| Tárgyszavak: | |
| doi: | 10.29180/978-615-6886-21-7_7 |
| Kulcsszavak: | jövőkompetencia vállalkozás Demján neokonzervatív fordulat future competence entrepreneurship neoliberal shift |
| Online Access: | http://publikaciotar.uni-bge.hu/2570 |
MARC
| LEADER | 00000naa a2200000 i 4500 | ||
|---|---|---|---|
| 001 | publ2570 | ||
| 005 | 20251125124248.0 | ||
| 008 | 251125suuuu hu o 000 zxx d | ||
| 020 | |a 978-615-6886-21-7 | ||
| 024 | |a 10.29180/978-615-6886-21-7_7 |2 doi | ||
| 040 | |a BGE Publikációtár Repozitórium |b hun | ||
| 100 | 1 | |a Gáspár Tamás | |
| 245 | 1 | 0 | |a Jövőkompetencia a gazdaságelméletben - Demján Sándor munkássága a korszakváltás keretrendszerében |b Future competence in economic theory – Sándor Demján’s legacy in the framework of the transition |c Gáspár Tamás |h [elektronikus dokumentum] |
| 300 | |a 60-72 | ||
| 490 | 0 | |a Szemelvények a BGE kutatásaiból 2024 | |
| 520 | 3 | |a A gazdasági életben számos figyelemre méltó és sikeres életút áll előttünk. Demján Sándor egyike volt azoknak, akik a rendszerváltás előtti, alatti és az azt követő évtizedekben is sikeres üzleti modelleket alkotott meg. Egy átfogó kutatásunk a jövőkompetencia megjelenését vizsgálja vállalati környezetben. Demján Sándor életművének jövőorientált vizsgálata nagyon sok tanulsággal szolgál, és egyelőre még nem kutatott terület. Ennek egyik, jelenleg tárgyalt része, a gazdaságelmélet és a korszakváltás keretrendszerében mutatja be a sikeres életutat. Módszere dokumentum- és tartalomelemzés, fő forrása a vele készült interjúk. Fő eredménye az, hogy Demján Sándor tevékenysége, annak előremutató elemei és ellentmondásai a neokonzervatív közgazdasági fordulat sajátos kelet-európai és magyar tükröződései. Nézeteiben, vízióiban és a gazdasági eredmények társadalmi hasznosításában messze előrébb látott koránál, és ennek határait, korlátait a korszak szabta meg, amelyben adottságait kibontakoztathatta. | |
| 650 | 4 | |a közgazdaságtudományok | |
| 695 | |a jövőkompetencia | ||
| 695 | |a vállalkozás | ||
| 695 | |a Demján | ||
| 695 | |a neokonzervatív fordulat | ||
| 695 | |a future competence | ||
| 695 | |a entrepreneurship | ||
| 695 | |a Demján | ||
| 695 | |a neoliberal shift | ||
| 856 | 4 | 0 | |u https://publikaciotar.uni-bge.hu/id/eprint/2570/1/BGE%20Szemelv%C3%A9nyek%202024%20III.%20k%C3%B6tet_7.pdf |z Dokumentum-elérés |